Рудный вестник: журнал Рудной секции Химического отдела Главного по снабжению армии Комитета Всероссийских Земского и Городского Союзов; Т. 1, № 4

Detalhes bibliográficos
Outros Autores: Обручев В. А. Владимир Афанасьевич (редактор)
Resumo:Издается на средства Петрографического Института
Idioma:russo
Publicado em: Москва, Товарищество типографии А. И. Мамонтова, 1916
Assuntos:
Formato: Livro
KOHA link:https://koha.lib.tpu.ru/cgi-bin/koha/opac-detail.pl?biblionumber=329167

MARC

LEADER 00000nam0a2200000 4500
001 329167
005 20231102004132.0
035 |a (RuTPU)RU\TPU\book\354909 
090 |a 329167 
100 |a 20170309d1916 k y0rusy50 ca 
101 0 |a rus 
102 |a RU 
105 |a a z 000zy 
200 1 |a Рудный вестник  |h Т. 1, № 4  |e журнал Рудной секции Химического отдела Главного по снабжению армии Комитета Всероссийских Земского и Городского Союзов  |f под ред. В. А. Обручева 
210 |a Москва  |c Товарищество типографии А. И. Мамонтова  |d 1916 
215 |a 157-204 с.  |c ил. 
300 |a Издается на средства Петрографического Института 
606 1 |a Рудные (металлоносные) месторождения  |2 stltpush  |3 (RuTPU)RU\TPU\subj\26025  |9 50044 
610 1 |a селитра 
610 1 |a известняки 
610 1 |a Кисловодск 
610 1 |a скарны 
610 1 |a нефтяные месторождения 
610 1 |a Кавказ 
610 1 |a меднорудные месторождения 
610 1 |a Ачинск 
610 1 |a исландский шпат 
610 1 |a Енисейская губерния 
610 1 |a библиотека М. А. Усова 
675 |a 553.3/.4  |v 4 
702 1 |a Обручев  |b В. А.  |c российский геолог  |c профессор Томского технологического института  |c исследователь Сибири, Центральной и Средней Азии  |c географ  |f 1863-1956  |g Владимир Афанасьевич  |2 stltpush  |3 (RuTPU)RU\TPU\pers\996  |4 340 
801 1 |a RU  |b 63413507  |c 20170309 
801 2 |a RU  |b 63413507  |c 20170407  |g RCR 
942 |c BK